| 000 | 00528nam a2200181Ia 4500 | ||
|---|---|---|---|
| 005 | 20250508152901.0 | ||
| 008 | 008 250505s9999 xx 000 0 eng d | ||
| 037 | _aTextual | ||
| 040 |
_aFEDL _beng _cFEDL |
||
| 041 |
_aeng _2eng |
||
| 084 |
_a371.95, WAR _qFEDL |
||
| 100 |
_aWard Virgil S _9762643 |
||
| 245 | 0 | _aEducating the gifted : An axiomatic approach | |
| 260 |
_aColumbus _bCharles E Merrill Book, Inc _c1961 |
||
| 300 | _axiv,240p | ||
| 942 |
_cTEXL _h371.95, WAR |
||
| 999 |
_c1339389 _d1339389 |
||